broadway musicals - Statistics

General Stats
  • This quiz has been taken 129 times
  • The average score is 11 of 15
Answer Stats
Hint Answer % Correct
the wizard and i wicked
98%
summer nights grease
89%
my shot hamilton
89%
lay all your love on me mamma mia
89%
maria west side story
86%
don't cry for me argentina evita
82%
little girls annie
78%
wilkommen cabaret
76%
say my name beetlejuice
73%
think of me the phantom of the opera
72%
carnaval del barrio in the heights
65%
el tango de roxanne moulin rouge
62%
you've got to pick a pocket or two oliver
56%
another day of sun la la land
39%
listen dreamgirls
30%
No matching quizzes found
Score Distribution
Percent of People with Each Score
Percentile by Number Answered
Your Score History
You have not taken this quiz